[Event "Campo Grande Brasil op"]
[Site "Campo Grande"]
[Date "2015.10.11"]
[Round "5"]
[White "Landre, Geraldo Barbosa"]
[Black "De Arruda, Filho Nivaldo Jesus"]
[Result "0-1"]
[WhiteElo "1901"]
[BlackElo "1800"]
[PlyCount "66"]
[EventDate "2015.10.09"]
[EventType "swiss"]
[EventRounds "7"]
[EventCountry "BRA"]
[SourceTitle "CBM 168 Extra"]
[Source "ChessBase"]
[SourceDate "2015.10.29"]
[SourceVersion "1"]
[SourceVersionDate "2015.10.29"]
[SourceQuality "1"]

1. d4 Nf6 2. Nf3 g6 3. Bf4 d6 4. e3 Bg7 5. Be2 0-0 6. Nbd2 Bf5 7. Nh4 Bd7 8. h3 c5 9. c3 b5 10. Nhf3 Qb6 11. 0-0 Na6 12. e4 Nh5 13. Be3 e5 14. dxc5 dxc5 15. Nb3 Rfd8 16. Qc1 Rac8 17. Nxc5 Nxc5 18. b4 Nf4 19. Bxf4 Nxe4 20. Be3 Qb7 21. c4 bxc4 22. Rb1 Bf5 23. Bh6 Nc3 24. Qxc3 Bxh6 25. Rbd1 Bd3 26. Bxd3 cxd3 27. Qxe5 Qxb4 28. Rfe1 d2 29. Rf1 Rc1 30. Qf6 Rdc8 31. Ng5 Qc4 32. Nf3 Rxd1 33. Rxd1 Qc1 0-1